Seguridad Alimentaria, reforma agraria y transgénicos

محفوظ في:
التفاصيل البيبلوغرافية
التنسيق: نص
الموضوعات:
الوسوم: إضافة وسم
لا توجد وسوم, كن أول من يضع وسما على هذه التسجيلة!

MARC

LEADER 00000 a a2200000 04500
001 1893
003
040
245 |a Seguridad Alimentaria, reforma agraria y transgénicos  
650 |a REFORMA AGRARIA  
650 |a SEGURIDAD ALIMENTARIA  
773 |g número 61; páginas 3-5  
999 |c 24802  |d 24802